000 01082cam a22002891 4500
001 gs 58000175
003 DLC
005 20260227111406.0
008 770701s1957 nvuab b 000 0 eng c
010 _ags 58000175
035 _a(OCoLC)3087462
040 _aU.S. Geol. Survey. Libr.
_cTxEU
_dOCoLC
_dWaChenE
_dDLC
042 _apremarc
050 0 0 _aQE138.E4
_bG7
100 1 _aGranger, Arthur Earle,
_d1911-
245 1 0 _aGeology and mineral resources of Elko County, Nevada,
_cby Arthur E. Granger [and others]
260 _aReno,
_bUniversity of Nevada,
_c1957.
300 _axix, 190, xxi-xxv p.
_bmaps, diagrs., tables.
_c23 cm.
490 1 _aNevada Bureau of Mines. Bulletin
_v54
500 _a"Prepared cooperatively by the United States Geological Survey."
500 _aPart of illustrative matter folded in pocket.
504 _aBibliography: p. 173-177.
650 0 _aGeology
_zNevada
_zElko County.
650 0 _aMines and mineral resources
_zNevada
_zElko County.
710 2 _aGeological Survey (U.S.)
830 0 _aBulletin (Nevada Bureau of Mines)
_vno. 54.
999 _c29249
_d29249